One Piece - Équipage du Chapeau de Paille - Statistiques

Statistiques générales
  • Ce quiz a été pris 857 fois
  • Le résultat moyen est 10 sur 10
Statistiques - réponses
Hint Réponse % Correct
1. Monkey D. Luffy
100%
3. Nami
100%
2. Roronoa Zoro
99%
6. Tony Tony Chopper
99%
5. Vinsmoke Sanji
99%
7. Nico Robin
98%
9. Brook
97%
8. Franky
97%
4. Usopp
97%
10. Jinbei
94%
Aucun quiz correspondant
Distribution des résultats
% des personnes avec chaque résultat
Percentile par nombre de réponses
Votre historique - résultats
Vous n’avez pas pris ce quiz